MEDICINAL CHEMISTRY - II (Record no. 33988)

000 -LEADER
fixed length control field 00412nam a2200181Ia 4500
003 - CONTROL NUMBER IDENTIFIER
control field OSt
005 - DATE AND TIME OF LATEST TRANSACTION
control field 20260413110947.0
008 - FIXED-LENGTH DATA ELEMENTS--GENERAL INFORMATION
fixed length control field 220204s9999 xx 000 0 und d
020 ## - INTERNATIONAL STANDARD BOOK NUMBER
International Standard Book Number 9789388818506
040 ## - CATALOGING SOURCE
Transcribing agency MUIT
082 ## - DEWEY DECIMAL CLASSIFICATION NUMBER
Classification number 615.5
Item number KAR-M
Edition number FIRST
100 ## - MAIN ENTRY--PERSONAL NAME
Personal name KAR, ASHUTOSH
245 #0 - TITLE STATEMENT
Title MEDICINAL CHEMISTRY - II
250 ## - EDITION STATEMENT
Edition statement 1ST
260 ## - PUBLICATION, DISTRIBUTION, ETC.
Place of publication, distribution, etc. Delhi
Name of publisher, distributor, etc. New age
Date of publication, distribution, etc. 2020
300 ## - PHYSICAL DESCRIPTION
Extent 229
942 ## - ADDED ENTRY ELEMENTS (KOHA)
Koha item type Book
Source of classification or shelving scheme
Holdings
Withdrawn status Lost status Damaged status Not for loan Collection code Permanent Location Current Location Shelving location Date acquired Cost, normal purchase price Full call number Barcode Date last seen Price effective from Koha item type Source of classification or shelving scheme Total Checkouts Date last checked out Total Renewals
          Central Library, MUIT, Lucknow Central Library, MUIT, Lucknow   2022-02-04 399.00 615.5 Kar-M SOPH3528 2023-11-22 2022-02-04 Book   1 2023-10-25  
          Central Library, MUIT, Lucknow Central Library, MUIT, Lucknow   2022-02-04 399.00 615.5 Kar-M SOPH3534 2022-10-15 2022-02-04 Book   1 2022-10-08  
          Maharishi School of Pharmaceutical Science (Lucknow) Maharishi School of Pharmaceutical Science (Lucknow) R1S2 2022-02-04 399.00 615.5 SOPH3525 2022-02-04 2022-02-04 Reference Book        
          Maharishi School of Pharmaceutical Science (Lucknow) Maharishi School of Pharmaceutical Science (Lucknow) R7S3 2022-02-04 399.00 615.19 KAR-M SOPH3526 2022-02-04 2022-02-04 Book        
          Maharishi School of Pharmaceutical Science (Lucknow) Maharishi School of Pharmaceutical Science (Lucknow) R7S3 2022-02-04 399.00 615.19 KAR-M SOPH3527 2022-02-04 2022-02-04 Book        
          Maharishi School of Pharmaceutical Science (Lucknow) Maharishi School of Pharmaceutical Science (Lucknow) R7S3 2022-02-04 399.00 615.19 KAR-M SOPH3529 2023-10-14 2022-02-04 Book   3 2023-09-26 1
          Maharishi School of Pharmaceutical Science (Lucknow) Maharishi School of Pharmaceutical Science (Lucknow) R7S3 2022-02-04 399.00 615.19 KAR-M SOPH3530 2024-08-16 2022-02-04 Book   1 2024-08-03  
          Maharishi School of Pharmaceutical Science (Lucknow) Maharishi School of Pharmaceutical Science (Lucknow) R7S3 2022-02-04 399.00 615.19 KAR-M SOPH3531 2022-02-04 2022-02-04 Book        
          Maharishi School of Pharmaceutical Science (Lucknow) Maharishi School of Pharmaceutical Science (Lucknow) R7S3 2022-02-04 399.00 615.19 KAR-M SOPH3532 2022-02-04 2022-02-04 Book        
          Maharishi School of Pharmaceutical Science (Lucknow) Maharishi School of Pharmaceutical Science (Lucknow) R7S3 2022-02-04 399.00 615.19 KAR-M SOPH3533 2022-02-04 2022-02-04 Book        

All Rights Reserved@MUIT

Powered by Koha